000 01206nam a22003497a 4500
003 CHAP
005 20220329135244.0
008 971013s1983 r 00010 d
010 _a33353
011 _a34325
035 _a38441
040 _cCHAP
090 _aTesis
100 0 0 _aCumpa Reyes, Jorge Segundo.
_930431
245 _aEfecto del deficit de humedad y características físicas del suelo en el desarrollo del frijol (Phaseolus vulgaris L.)
260 _aChapingo, Méx. :
_bEl autor,
_c1983
300 _a142 h.
_b; gráfs.
502 _aTesis (M.C. Esp. en Agrometeorología) -- CP. Centro de Hidrociencias
590 _aALEPH
_b10
_c20130110
_lUCH01
_h1258
590 _aBATCH-UPD
_b10
_c20130110
_lUCH01
_h0018
590 _aBATCH-UPD
_b10
_c20130110
_lUCH01
_h1155
590 _aBATCH-UPD
_b10
_c20130410
_lUCH01
_h0738
590 _aBATCH-UPD
_b10
_c20130914
_lUCH01
_h1127
590 _aCONVERSION
_b10
_c20130109
_lUCH01
_h1319
650 1 4 _aEvapotranspiración.
_938968
650 1 4 _aFrijol
_xEfecto de la humedad.
_943361
650 1 4 _aFrijol
_xRendimiento.
_943429
650 1 4 _aSuelos
_xHumedad.
_9110391
901 _aBK
942 _cTESIS
949 _bBC
_cTES
_d-87915
_eTS1
_i38441
_si
999 _c33353
_d33353